000 00866nam a2200253Ia 4500
003 OSt
005 20221005112212.0
006 a|||||r|||| 00| 0
007 ta
008 221004b |||||||| |||| 00| 0 pan d
020 _a9788171435258 (hbk)
_c200
024 _a2487
037 _b694, 16/01/2013, Bright Book Service
_cTextual
040 _aCRL
_cCRL
_bpan
041 _2pan
_apan
082 _aO153,1NSIx, Q0
100 _aਬ॥ਤਾਵਰ
245 0 _aਪਾਰ ਝਨਾਅ ਤੇ੍ਵ ਉਸ ਦਾ ਡੇਰਾ
260 _aਅੰਮ੍ਰਿਤਸਰ
_bਰਵੀ ਸਾਹਿਤ ਪਕਾFਨ ਭਾਰਤ
_c2010
300 _a129ਪੰ
_ccm.
650 _aਪੰਜਾਬੀ ਸਾਹਿਤ
942 _hO153,1NSIx, Q0
_cTEXL
_2cc
999 _c1024171
_d1024171